00741nam a2200229Ia 450000100090000000300040000900500170001300800410003002000150007102000180008604000180010408200210012210000150014324500450015826000570020330000230026049000430028350400630032665000320038965000470042183000430046837303510OSt20161205102621.0970716s1997 enk b 000 0 eng d a019437212X a9780194372121 aAZScAZSdCIN 222a418.007bERS1 aEllis, Rod10aSecond language acquisition /cRod Ellis aOxford ;aNew York :bOxford University Press,c1997 ax, 147 p. ;c20 cm1 aOxford introductions to language study aIncludes bibliographical references (p. 123-135) and index 0aSecond language acquisition 0aLanguage and languagesxStudy and teaching 0aOxford introductions to language study